| 000 | 00933nam a2200229Ia 4500 | ||
|---|---|---|---|
| 999 |
_c39946 _d39946 |
||
| 001 | 6552 | ||
| 003 | GE_BSU | ||
| 005 | 20191017161646.0 | ||
| 008 | 181216s1968||||GE |||||||||||||| ||GE || | ||
| 040 | _cGE_BSU | ||
| 041 | _ageo | ||
| 080 | _a821.353.1-1 ბ-56 | ||
| 100 |
_aბერულავა, ხუტა _93945 |
||
| 245 |
_aმარადი წყურვილი : _bლექსები / _cხუტა ბერულავა ; რედ. ა. ბაქრაძე ; მხატვ. თ. სამსონაძე. |
||
| 264 |
_aთბილისი : _bნაკადული ; _c1968. |
||
| 300 |
_a55 გვ. ; _c17 სმ. |
||
| 653 | _aმარადი წყურვილი | ||
| 653 | _aლექსები | ||
| 700 |
_aბაქრაძე, ხ. _eრედაქტორი _94803 |
||
| 700 |
_aსამსონაძე, თ. _eმხატვარი _94788 |
||
| 942 |
_cBK _2udc |
||